00302nam a22001217a 4500003000400000005001700004008004100021040001000062050001300072100002200085245006000107300001300167OSt20250526211317.0250526b |||||||| |||| 00| 0 eng d cAccra aKRX 1083 aRepublic of Ghana aFinancial Administration Degree, 1979 bS. M. C. D. 221 a38 pages